Laurence Olivier Award for Best Actor in a Musical - Statistics

General Stats
  • This quiz has been taken 5 times
  • The average score is 6 of 40
Answer Stats
Year Actor % Correct
2013 Michael Ball
75%
2008 Michael Ball
75%
1986 Michael Crawford
50%
1981 Michael Crawford
50%
1997 Robert Lindsay
50%
1985 Robert Lindsay
50%
1996 Adrian Lester
25%
2012 Bertie Carvel
25%
2007 Daniel Evans
25%
2001 Daniel Evans
25%
1980 Denis Quilley
25%
1990 Jonathan Pryce
25%
2002 Philip Quast
25%
1998 Philip Quast
25%
1991 Philip Quast
25%
1992 Alan Bennett
0%
2003 Alex Jennings
0%
1994 Alun Armstrong
0%
2010 Aneurin Barnard
0%
1979 Anton Rodgers
0%
1999 Cast
0%
1988 Con O'Neill
0%
2004 David Bedella
0%
2011 David Thaxton
0%
1983 Denis Lawson
0%
2009 Douglas Hodge
0%
1987 Emil Wolk
0%
2014 Gavin Creel
0%
2006 George Maguire
0%
1993 Henry Goodman
0%
2006 James Lomas
0%
1987 John Bardon
0%
2015 John Dagleish
0%
1995 John Gordon Sinclair
0%
2006 Liam Mower
0%
2016 Matt Henry
0%
2005 Nathan Lane
0%
1984 Paul Clarkson
0%
1982 Roy Hudd
0%
2000 Simon Russell Beale
0%
No matching quizzes found
Score Distribution
Percent of People with Each Score
Percentile by Number Answered
Your Score History
You have not taken this quiz